In the ditch : a novel /

Saved in:
Bibliographic Details
Main Author: Emecheta, Buchi, 1944-
Format: Book
Language:English
Published: London : Allison and Busby, 1979.
LEADER 00729nam a22002171a 4500
001 c000407542
003 CARM
005 00000000000000.0
008 790517s1979 enk 00011 eng d
019 1 |a 3431774 
020 |a 0850312590 
020 |a 0850312817 (pbk.) 
040 |a VDU  |c VDU 
082 0 4 |a 896.02  |2 20 
100 1 |a Emecheta, Buchi,  |d 1944- 
245 1 0 |a In the ditch :  |b a novel /  |c by Buchi Emecheta. 
260 |a London :  |b Allison and Busby,  |c 1979. 
300 |a 128 p. ;  |c 20 cm. 
852 8 |b CARM  |h A3:AF23A0  |i A05699  |p 0584432  |f BK 
999 f f |i b2aa70ce-e807-5d71-8090-e0c51449ce94  |s f3ad49f0-e630-51b5-84f5-032f8bc17bf2 
952 f f |p Can circulate  |a CAVAL  |b CAVAL  |c CAVAL  |d CARM 1 Store  |e A05699  |f A3:AF23A0  |h Other scheme  |i book  |m 0584432